| 000 | 00804nam a2200253 i 4500 | ||
|---|---|---|---|
| 001 | bg | ||
| 100 | 1 | _aGRĄDZKI, Ryszard | |
| 245 | 1 | 0 |
_aWprowadzenie do metody elementów skończonych / _cRyszard Grądzki. |
| 260 |
_aŁódź : _bWydaw. PŁ, _c2002. |
||
| 300 |
_a126 s. : _bil. (w tym kolor.) ; _c24 cm. |
||
| 490 | 1 | _aSkrypty dla Szkół Wyższych / Politechnika Łódzka | |
| 500 | _aNa grzb. nr kolejny wydawnictw PŁ: 1050. | ||
| 504 | _aBibliogr. | ||
| 650 | 9 | _aMetoda elementów skończonych | |
| 655 | _aPodręczniki akademickie | ||
| 830 | 0 | _aSkrypty dla Szkół Wyższych (Politechnika Łódzka) | |
| 020 | _a8372830681 | ||
| 040 | _cBPK | ||
| 041 | 0 | _apol | |
| 080 | _a519.61/.64(075.8) | ||
| 920 | _a83-7283-068-1 | ||
| 942 | _cKS | ||
| 008 | s pl f |000 0 pol | ||
| 999 |
_c43394 _d43394 |
||
| 856 |
_uhttp://koha.tu.koszalin.pl/cgi-bin/koha/opac-detail.pl?biblionumber=43394 _yKatalog online BPK |
||